LEADER 01242nam a2200289 i 4500 001 000000172184 003 CaOOAMICUS 005 20081116000000.0 008 081116s1979 it u000 u ita u 013 $a149623 040 $aSeMil$bita 100 0 $aAutori Vari.$0(OLS)http://semarc/name/4368 245 13$aLa pastorale dell'uomo nell'ora della morte /$cAutori vari ; a cura di Gervaso Gestori. 260 $aBrezzo di Bedero (VA) :$bSalcom,$c1979. 300 $a216 p. ;$c20 cm. 490 0 $a...E mi avete visitato : (Mt. 25, 36) ;$v10 500 $aFondo Card. Giovanni Colombo. 650 4$aMorte - Pastorale.$0(OLS)http://semarc/subject/19304 650 4$aMorte - Concezione cristiana.$0(OLS)http://semarc/subject/5126 700 1 $aGestori, Gervaso.$0(OLS)http://semarc/name/43470 830 0$a...E mi avete visitato : (Mt. 25, 36) ;$v10.$0(OLS)http://semarc/title/10672 850 $aSeMil 852 $aSeMil$W1$xVenegono$y1$m2F I 439$j123046$B123046$CSeMilBibl$Z2$F137281 $81 941 1 $a3 961 $aLascito: Colombo Card. Giovanni 996 $6245$aLa pastorale dell'uomo nell'ora della morte$9(OLS)http://semarc/title/246511 996 $6260$aBrezzo di Bedero (VA) :$bSalcom$9(OLS)http://semarc/publisher/32180 LEADER 01016nam a2200241 i 4500 001 000000038385 003 CaOOAMICUS 005 20100218000000.0 008 100218s1990 sp u000 u spa u 013 $a8970 020 $a84-85364-14-7 040 $aSeMil$bita 100 1 $aMarin, Luis .$0(OLS)http://semarc/name/90419 245 10$aAgustinos :$bnovedad y permanencia : historia y espiritualidad de los orígenes /$cLuis Marin. 260 $aMadrid :$bReligion y cultura,$c1990. 300 $a173 p. ;$c20 cm. 650 4$aOrdini religiosi - Storia.$0(OLS)http://semarc/subject/7349 850 $aSeMil 852 $aSeMil$W1$xVenegono$y1$m2T I 150$j4540$B4540$CSeMilBibl$Z2$F4540 $81 961 $aOmaggio: Scuola Cattolica 996 $6020$a84-85364-14-7$9(OLS)http://semarc/number/7635 996 $6245$aAgustinos :$bnovedad y permanencia : historia y espiritualidad de los orígenes$9(OLS)http://semarc/title/54145 996 $6260$aMadrid :$bReligion y cultura$9(OLS)http://semarc/publisher/39965